Villes de la carte de la saison 4 du chapitre 1 de Fortnite - Statistiques

Statistiques générales
  • Ce quiz a été pris 519 fois
  • Le résultat moyen est 10 sur 20
Answers on the Grid
Answers color-coded by a green-red scale on the quiz's grid according to % correct below.
Junk Junction
Fatal Fields
Slurpy Swamp
Anarchy Acres
Salty Springs
Polar Peak
Paradise Palms
Risky Reels
Tilted Towers
Pleasant Park
Haunted Hills
Frosty Flights
Lazy Lake
Retail Row
Shifty Shafts
Lucky Landing
Moisty Palms
Lazy Links
Starry Suburbs
Loot Lake
Flush Factory
Steamy Stacks
Wailing Woods
Tomato Town
Dusty Divot
Snobby Shores
Dirty Docks
Greasy Grove
Moisty Mire
Lonely Lodge
 
Statistiques - réponses
Réponse % Correct
Pleasant Park
60%
Tilted Towers
60%
Retail Row
56%
Greasy Grove
55%
Fatal Fields
54%
Junk Junction
54%
Loot Lake
51%
Dusty Divot
50%
Lonely Lodge
50%
Salty Springs
50%
Tomato Town
50%
Lucky Landing
48%
Shifty Shafts
48%
Wailing Woods
48%
Flush Factory
46%
Anarchy Acres
45%
Haunted Hills
44%
Moisty Mire
42%
Risky Reels
42%
Snobby Shores
40%
Aucun quiz correspondant
Distribution des résultats
% des personnes avec chaque résultat
Percentile par nombre de réponses
Votre historique - résultats
Vous n’avez pas pris ce quiz